000 nam a22 a 4500
999 _c130626
_d130626
003 BLK
005 20221025090846.0
008 180409b bul|||||r ||||||| ||bul||
010 _aKNG00136394000
040 _aBLK
041 _aBUL
_cBUL
080 _aНаука. Наукознание. Организация на умствения труд
_b001
_z001
100 1 _aГиргинов, Гиргин Ганчев
_eпърви автор
_9322303
139 _aГиргинов, Гиргин
_bГ 50
245 1 0 _aНаука и творчество
_bИзследване
_cГиргин Ганчев Гиргинов.
257 _aBGR
260 _aСофия
_bПартиздат
_c1975
300 _a344 с.
_c21 см
380 _a0
500 _aИзд. на Инст. за съвременни соц. теории при президиума на БАН. - 1 610 тир. - Библиогр. под линия ; Рез. на рус. и нем. ез.
650 4 _aНаука
_9163554
650 4 _aТворчество
_9173209
653 _aнаука
653 _aтворчество
852 _aЦб 76281
856 4 _qpdf
_i0.00
_ldisable
856 4 _qpdf
_i0.00
_ldisable
942 _cKNG
_n0
_s1
944 _aCR
_c22.11.2012
_l22.11.2012 - от С1,Р / 22.11.2012
_kРадостина_Карадакова
944 _aED
_c22.11.2012
_l22.11.2012 - от С1,Р / 22.11.2012
999 _d130626